American Countries by Largest Non-Capital City - Statistics

General Stats
  • This quiz has been taken 146 times
  • The average score is 17 of 35
Answer Stats
Largest City Country % Correct
Belize City Belize
98%
New York United States
94%
Toronto Canada
93%
São Paulo Brazil
92%
Guadalajara Mexico
92%
Santiago de Cuba Cuba
88%
Medellín Colombia
79%
Guayaquil Ecuador
71%
Córdoba Argentina
64%
Maracaibo Venezuela
59%
Arequipa Peru
55%
Santa Cruz de la Sierra Bolivia
51%
Quetzaltenango Guatemala
51%
San Pedro Sula Honduras
47%
Freeport Bahamas
44%
Colón Panama
42%
All Saints Antigua & Barbuda
40%
Spanish Town Jamaica
40%
Ciudad del Este Paraguay
36%
Lelydorp Suriname
36%
Limón Costa Rica
35%
León Nicaragua
34%
Chaguanas Trinidad & Tobago
33%
Gonaïves Haiti
32%
Salto Uruguay
32%
Santiago de los Caballeros Dom. Republic
30%
Charlestown St. Kitts & Nevis
30%
Puente Alto Chile
29%
Linden Guyana
29%
Santa Ana El Salvador
28%
Portsmouth Dominica
27%
Bexon St. Lucia
26%
Georgetown St. Vincent & Gr'd's
26%
Speightstown Barbados
22%
Gouyave Grenada
20%
No matching quizzes found
Score Distribution
Percent of People with Each Score
Percentile by Number Answered
Your Score History
You have not taken this quiz